Relativity
Saved in:
| Main Authors: | , , |
|---|---|
| Format: | Book |
| Language: | English |
| Published: |
Nueva York
Plenum Press
1970
|
| Subjects: | |
| Tags: |
Add Tag
No Tags, Be the first to tag this record!
|
MARC
| LEADER | 00000nam a2200000 a 4500 | ||
|---|---|---|---|
| 001 | UCU0797 | ||
| 003 | CL-VaPUC | ||
| 005 | 20211028074309.0 | ||
| 008 | 960329e19700000us 1 eng d | ||
| 082 | 0 | 4 | |a 530.12 |b CAR |2 21 |
| 100 | 1 | |a Carmeli, Moshe |e author |9 617555 | |
| 700 | 1 | |a Fickler, Stuart I |e author |9 617556 | |
| 700 | 1 | |a Witten, Louis |e author |9 617557 | |
| 245 | 1 | 0 | |a Relativity |
| 260 | |a Nueva York |b Plenum Press |c 1970 | ||
| 300 | |a 381 p | ||
| 583 | |a last modification |c 19960329 00:00:00 |k Rodrigo Vera | ||
| 650 | 0 | 0 | |a Relatividad |9 269977 |
| 650 | 0 | 7 | |a DINAMICA CUANTICA |2 CL-VaPUC |9 535636 |
| 650 | 0 | 0 | |a Ley de Newton |9 350128 |
| 650 | 0 | 0 | |a Radiación |9 259874 |
| 650 | 0 | 0 | |a Calor |9 260253 |
| 650 | 0 | 7 | |a TEMPERATURA |2 CL-VaPUC |9 617558 |
| 942 | |c BK | ||
| 945 | |a rleighto |d 19960329 00:00:00 | ||
| 546 | |a En Inglés | ||
| 518 | |p Conferencia de Relatividad, Ohio, 2-6 de junio de 1969 | ||
| 999 | |c 382530 |d 382528 | ||